| 000 | 00473nam a2200157Ia 4500 | ||
|---|---|---|---|
| 008 | 170224s9999 xx 000 0 und d | ||
| 100 | _aKarolina Koc-Michalska | ||
| 245 | _aCivic political engagement and social change in the new digital age | ||
| 245 | _cKarolina Koc-Michalska, Darren G Lilleker, Thierry Vedel | ||
| 260 | _bNew Media & Society | ||
| 260 | _c2016 | ||
| 300 | _a18:9 | ||
| 500 | _a2016 | ||
| 650 | _xCommunication Arts | ||
| 650 | _xMultimedia Arts | ||
| 999 |
_c316188 _d316188 |
||